000 00461nam a22001817a 4500
003 LK-CoDNM
005 20250115140637.0
008 250115b |||||||| |||| 00| 0 eng d
040 _aLK-CoDNM
_dLK-CoDNM
_eLK-CoDNM
041 _aeng
080 _a9
_bAA17
100 _aHolemes D.
245 _aIntrouduction To College Geology
260 _aNew York
_bMacmillan Company
_c1949
300 _axxi, 429p. : ill , 21 cm
650 _aScience
942 _cBK
999 _c236364
_d236364